00988nam a2200217 a 450000100100000000500170001000800410002704000250006808200170009324502860011026000410039630000350043750000710047250400300054365000260057365000190059965000370061870000240065570000420067971000490072100004634320240510192657.0150731s2014 xx c r 000 0 spa d aDO-SdBNPbspacBNPHU a333.7bH117d00aHacia el desarrollo sostenible y la economía verde en la República Dominicana :bcontexto nacional e internacional, legislación y guía práctica para la empresa y el hogar /cdirección de proyecto Natasha Despotovic ; coordinación del contenido María Victoria Abreu. aWashington, D.C. :bFUNGLODE,c2014. a84 p. :bil., retrs. ;c20 cm. aIncluye referencias bibliográficas y notas al pie de las paginas aBibliografía : p. 83-84 4aDesarrollo sostenible 0aMedio ambiente 4aEstratégias para el desarrollo12aDespotovic, Natasha12aAbreu, María Victoriaecoordinadora2 aFundación Global Democracía y Desarrollo